[Event "OLNN 1617 SSC Rostock - SF Schwerin"]
[Site "?"]
[Date "2017.03.19"]
[Round "7.4"]
[White "Pererva, Viktor"]
[Black "Schulz, Karsten"]
[Result "0-1"]
[WhiteElo "2093"]
[BlackElo "2275"]
[PlyCount "90"]
[EventDate "2017.??.??"]

1. e4 d6 2. d4 Nf6 3. Nc3 e5 4. Nf3 exd4 5. Nxd4 Be7 6. g3 O-O 7. Bg2 Re8 8.
O-O c6 9. Bf4 Bf8 10. Qd2 Nbd7 11. Rad1 Ne5 12. Nf3 Qb6 13. b3 Bg4 14. Nxe5
dxe5 15. Be3 Qa5 16. Na4 Bb4 17. c3 Rad8 18. cxb4 Rxd2 19. bxa5 Rxd1 20. f3
Rxf1+ 21. Kxf1 Be6 22. Bxa7 Ra8 23. Bb6 Nd7 24. Ke1 Kf8 25. Kd2 Ke7 26. Kc3 Kd6
27. Kb4 f5 28. Bh3 fxe4 29. Bxe6 Kxe6 30. fxe4 Rf8 31. Bc7 Rf2 32. Nc5+ Nxc5
33. Kxc5 Kd7 34. Bxe5 Rxa2 35. b4 Rxh2 36. Bxg7 Rh5+ 37. e5 Rg5 38. Bf6 Rxg3
39. Kb6 Rg4 40. b5 Rb4 41. e6+ Kxe6 42. Kxb7 Rxb5+ 43. Kxc6 Rxa5 44. Bd8 Ra1
45. Kc5 Rc1+ 0-1

[Event "OLNN 1617 SSC Rostock - SF Schwerin"]
[Site "?"]
[Date "2017.03.19"]
[Round "7.5"]
[White "Grahl, Arvid"]
[Black "Mangold, Thomas"]
[Result "1/2-1/2"]
[WhiteElo "2195"]
[BlackElo "1984"]
[PlyCount "73"]
[EventDate "2017.??.??"]

1. d4 Nf6 2. c4 e6 3. Nc3 Bb4 4. Qc2 b6 5. a3 Bxc3+ 6. Qxc3 Bb7 7. Bg5 d6 8. f3
Nbd7 9. e4 e5 10. d5 Qe7 11. Nh3 a5 12. b3 h6 13. Be3 g5 14. Nf2 Nh5 15. g3 O-O
16. Be2 Rfd8 17. O-O Ng7 18. Qc2 Rf8 19. g4 Rfb8 20. b4 Ne8 21. Nd3 Ba6 22.
Rfc1 Nf8 23. Rab1 axb4 24. axb4 Ng6 25. Ra1 Bb7 26. c5 bxc5 27. bxc5 Ba6 28.
Rcb1 Bxd3 29. Bxd3 Rxa1 30. Rxa1 Nf4 31. Bf1 Qd8 32. Ra7 Kf8 33. Qa4 Rb1 34.
Ra8 Rb8 35. Rxb8 Qxb8 36. Bb5 Ke7 37. Kf2 1/2-1/2

[Event "OLNN 1617 SSC Rostock - SF Schwerin"]
[Site "?"]
[Date "2017.03.19"]
[Round "7.6"]
[White "Engel, Gunnar"]
[Black "Heinsohn, Wilfried"]
[Result "1/2-1/2"]
[WhiteElo "2068"]
[BlackElo "2163"]
[PlyCount "129"]
[EventDate "2017.??.??"]

1. Nf3 Nf6 2. g3 g6 3. Bg2 Bg7 4. O-O O-O 5. d3 d5 6. Nbd2 c5 7. e4 Nc6 8. Re1
e6 9. h3 Qc7 10. c3 b6 11. Nf1 Ba6 12. Qc2 dxe4 13. dxe4 Rad8 14. Bf4 e5 15.
Bg5 h6 16. Bxf6 Bxf6 17. Rad1 Rxd1 18. Rxd1 Rd8 19. Ne3 Rxd1+ 20. Qxd1 Qd8 21.
Qxd8+ Bxd8 22. Ng4 Bc7 23. Nxh6+ Kf8 24. Ng5 Nd8 25. Nhxf7 Bc4 26. Nxd8 Bxd8
27. Nf3 Bxa2 28. Nxe5 a5 29. Nxg6+ Kg7 30. Nf4 b5 31. Bf1 b4 32. Bb5 Bb3 33.
Kf1 Bb6 34. Nd5 Bd8 35. Ke1 a4 36. Kd2 a3 37. bxa3 bxa3 38. Kc1 Ba5 39. f4 a2
40. Kb2 Bxd5 41. exd5 Bxc3+ 42. Kxa2 Be1 43. g4 Bg3 44. f5 Kf6 45. Kb3 Kg5 46.
Kc4 Bd6 47. Kd3 Kf4 48. Bd7 Be7 49. Kc4 Ke5 50. Be6 Kd6 51. Kd3 Ke5 52. d6 Kxd6
53. Ke4 Bg5 54. Bc4 Ke7 55. Ke5 Bh4 56. Kf4 Kf6 57. Bb3 Bg5+ 58. Kg3 Ke5 59. h4
Bd2 60. Bc2 Be1+ 61. Kh3 Kf4 62. g5 Bc3 63. Kg2 Kg4 64. g6 Kxh4 65. Kf3 1/2-1/2

[Event "OLNN 1617 SSC Rostock - SF Schwerin"]
[Site "?"]
[Date "2017.03.19"]
[Round "7.7"]
[White "Rittemann, Steffen"]
[Black "Celmer, Ole"]
[Result "1-0"]
[WhiteElo "2149"]
[BlackElo "1917"]
[PlyCount "111"]
[EventDate "2017.??.??"]

1. e4 e5 2. Bc4 Nf6 3. d3 Nc6 4. Nf3 Bc5 5. Nc3 d6 6. Na4 O-O 7. Bg5 Qe7 8.
Nxc5 dxc5 9. Nd2 Be6 10. O-O Bxc4 11. Nxc4 Qe6 12. f4 exf4 13. Rxf4 Nd7 14. Ne3
h6 15. Bh4 Nde5 16. Be1 Ne7 17. Bc3 Rad8 18. Qf1 b5 19. b3 c6 20. Re1 f6 21.
Nf5 Nxf5 22. exf5 Qd6 23. Rfe4 Rde8 24. Qe2 Qd7 25. g4 Rf7 26. Bxe5 fxe5 27.
Qe3 h5 28. h3 hxg4 29. hxg4 Qd5 30. Rxe5 Rxe5 31. Qxe5 Qf3 32. Qe8+ Rf8 33. Qe4
Qg3+ 34. Kf1 Qh3+ 35. Ke2 Qh4 36. Kd1 Qg5 37. Qe6+ Rf7 38. Qe8+ Rf8 39. Qe6+
Rf7 40. Qg6 Qf6 41. Re8+ Rf8 42. Qxf6 gxf6 43. Rxf8+ Kxf8 44. a4 Ke7 45. Ke2
Kd6 46. Kf3 Ke5 47. Ke3 a5 48. c3 Kd6 49. Ke4 Ke7 50. Kf4 Kf7 51. g5 fxg5+ 52.
Kxg5 Kg7 53. f6+ Kf7 54. Kf5 Kf8 55. Ke6 Ke8 56. Kd6 1-0

[Event "OLNN 1617 SSC Rostock - SF Schwerin"]
[Site "?"]
[Date "2017.03.19"]
[Round "7.8"]
[White "Jeske, Holger"]
[Black "Westphal, Wolfgang"]
[Result "0-1"]
[WhiteElo "1944"]
[BlackElo "2120"]
[PlyCount "68"]
[EventDate "2017.??.??"]

1. Nf3 Nf6 2. d4 e6 3. b3 b6 4. Bb2 Bb7 5. Nbd2 Be7 6. e3 O-O 7. Bd3 d5 8. Ne5
Nbd7 9. Nxd7 Qxd7 10. O-O Ne4 11. Re1 Bb4 12. Bxe4 dxe4 13. c3 Bd6 14. f3 exf3
15. Nxf3 f5 16. c4 Qf7 17. Rc1 Rad8 18. Qe2 Qh5 19. c5 Bxf3 20. gxf3 bxc5 21.
dxc5 Be7 22. Be5 c6 23. Qg2 Qh6 24. f4 Rd5 25. b4 Rfd8 26. Rc2 Rd1 27. Qe2 R1d5
28. Kh1 Bf6 29. Bd6 e5 30. b5 cxb5 31. Qxb5 Qh5 32. Rf1 R8xd6 33. Qb3 Rd8 34.
Rd2 Qf7 0-1

[Event "OLNN 1617 FC St. Pauli - SC Diogenes"]
[Site "?"]
[Date "2017.03.19"]
[Round "7.1"]
[White "Schulenburg, Fabian"]
[Black "Socko, Monika"]
[Result "0-1"]
[WhiteElo "2237"]
[BlackElo "2455"]
[PlyCount "76"]
[EventDate "2017.??.??"]

1. e4 c5 2. Nf3 Nc6 3. d4 cxd4 4. Nxd4 g6 5. c4 Bg7 6. Be3 Nf6 7. Nc3 d6 8. Be2
O-O 9. O-O Bd7 10. f3 a5 11. Qd2 Nxd4 12. Bxd4 a4 13. Nd5 Nxd5 14. cxd5 Qa5 15.
Qe3 Rfc8 16. Bxg7 Kxg7 17. Qd4+ f6 18. Rac1 Rc7 19. Rxc7 Qxc7 20. a3 Rc8 21.
Rd1 Qa5 22. Bd3 Bb5 23. Bxb5 Qxb5 24. Rd2 h5 25. Kf2 g5 26. h3 Rc1 27. Re2 Qb3
28. Qe3 Qd1 29. Re1 Qc2+ 30. Qe2 Qc5+ 31. Qe3 Rc2+ 32. Re2 Rxe2+ 33. Kxe2 Qb5+
34. Kd1 Qf1+ 35. Kc2 Qxg2+ 36. Kc3 Qxh3 37. Kb4 g4 38. Kxa4 Qxf3 0-1

[Event "OLNN 1617 FC St. Pauli - SC Diogenes"]
[Site "?"]
[Date "2017.03.19"]
[Round "7.2"]
[White "Feuerstack, Aljoscha"]
[Black "Korba, Roman"]
[Result "1/2-1/2"]
[WhiteElo "2449"]
[BlackElo "2230"]
[PlyCount "211"]
[EventDate "2017.??.??"]

1. e4 g6 2. d4 Bg7 3. Nf3 d6 4. h3 c5 5. c3 cxd4 6. cxd4 Nf6 7. Nc3 O-O 8. Bd3
Nc6 9. O-O e5 10. dxe5 dxe5 11. Bc4 Nh5 12. Bg5 Qxd1 13. Rfxd1 Nf4 14. Nd5 Be6
15. Bf1 Rae8 16. Nxf4 exf4 17. Bxf4 Bxb2 18. Rab1 Bf6 19. Rxb7 Bxa2 20. Rd6 Re6
21. Bb5 Rc8 22. Bxc6 Rxc6 23. e5 Rexd6 24. exd6 g5 25. Bxg5 Bxg5 26. Nxg5 Rxd6
27. Rxa7 Bd5 28. h4 Be6 29. Kh2 Kg7 30. Kg3 Rb6 31. Ra4 Rb3+ 32. Kf4 Rb6 33.
Rd4 Ra6 34. f3 Rb6 35. Re4 Bd5 36. Rd4 Ba2 37. Ra4 Bb3 38. Re4 Bd5 39. Re5 Ba2
40. Ne4 h6 41. Ra5 Bb1 42. Nc3 Bc2 43. Nd5 Rd6 44. Ne3 Rf6+ 45. Kg3 Rg6+ 46.
Kf2 Rc6 47. Rb5 Bd3 48. Rd5 Bb1 49. Rd1 Rb6 50. Kg3 Rg6+ 51. Kf2 Rb6 52. Rd7
Rb2+ 53. Kg3 Rb3 54. Nc4 Bf5 55. Rd6 Rb4 56. Ne5 Ra4 57. Nc6 Bb1 58. Nd4 Ra5
59. Kf4 Ra4 60. Kg3 Ra5 61. Ne2 Bc2 62. Nf4 Bb3 63. Kf2 Bc4 64. Ke3 Bb3 65. g4
Kh7 66. Nh5 Be6 67. Nf4 Bb3 68. Ne2 Bc2 69. Nd4 Bb1 70. Rb6 Ra3+ 71. Kf4 Ra1
72. Nc6 Kg7 73. Ne5 Ra4+ 74. Ke3 Ba2 75. f4 Ra3+ 76. Kf2 Bd5 77. Rd6 Ba2 78. f5
Ra5 79. Nd3 h5 80. f6+ Kh7 81. g5 Ra4 82. Ne5 Rxh4 83. Rd7 Kg8 84. Rd8+ Kh7 85.
Rd7 Kg8 86. Kg3 Ra4 87. Rd8+ Kh7 88. Rd7 Kg8 89. Re7 Bd5 90. Re8+ Kh7 91. Re7
Kg8 92. Kh3 Rb4 93. Re8+ Kh7 94. Re7 Kg8 95. Nd7 Be6+ 96. Kg3 Rg4+ 97. Kf3 Rxg5
98. Re8+ Kh7 99. Nf8+ Kh6 100. Nxe6 fxe6 101. Rxe6 Kg6 102. Ra6 Rf5+ 103. Kg3
Rxf6 104. Rxf6+ Kxf6 105. Kh4 Ke7 106. Kxh5 1/2-1/2

[Event "OLNN 1617 FC St. Pauli - SC Diogenes"]
[Site "?"]
[Date "2017.03.19"]
[Round "7.3"]
[White "Schulenburg, Torben"]
[Black "Michna, Marta"]
[Result "0-1"]
[WhiteElo "2141"]
[BlackElo "2388"]
[PlyCount "142"]
[EventDate "2017.??.??"]

1. d4 Nf6 2. c4 d6 3. Nc3 Nbd7 4. Nf3 e5 5. g3 Be7 6. Bg2 O-O 7. O-O c6 8. b3
a6 9. Qc2 Re8 10. Rd1 Bf8 11. e4 Qc7 12. a4 a5 13. d5 Nc5 14. Ne1 Bg4 15. f3
Bd7 16. Be3 cxd5 17. cxd5 Rec8 18. Rdc1 Qd8 19. Nd3 Na6 20. Qf2 Qe8 21. Nb2 Nc5
22. Ra3 Be7 23. Bf1 Qd8 24. Nd3 Nxd3 25. Bxd3 Nh5 26. Raa1 Bg5 27. Bb5 Bh3 28.
Nd1 f5 29. exf5 Bxf5 30. Bf1 Bd7 31. Nc3 Bxe3 32. Qxe3 Nf6 33. Bc4 Rc5 34. Ra2
Rac8 35. Rf1 Bh3 36. Re1 Bf5 37. Rd2 h6 38. f4 Ng4 39. Qf3 Qb6 40. Kg2 exf4 41.
Qxf4 Rf8 42. Nb5 Ne5 43. Qe3 Bg4 44. h3 Bf3+ 45. Kh2 Bh5 46. Nd4 Rxc4 47. bxc4
Nxc4 48. Qc3 Nxd2 49. Qxd2 Qc5 50. g4 Bg6 51. Re7 Qxd5 52. Qb2 Rf7 53. Re8+ Kh7
54. Ne6 Rf2+ 55. Qxf2 Bxe8 56. Qc2+ Kg8 57. Qc8 Qe5+ 58. Kg2 Kf7 59. Nd8+ Kg6
60. Nxb7 Kh7 61. Nxd6 Bxa4 62. Nc4 Qd5+ 63. Kf2 Bc6 64. Nxa5 Qf3+ 65. Ke1 Qe3+
66. Kf1 Qxh3+ 67. Kf2 Qf3+ 68. Ke1 Qe3+ 69. Kf1 Qc1+ 70. Kf2 Qc5+ 71. Kg3 Qe3+
0-1

[Event "OLNN 1617 FC St. Pauli - SC Diogenes"]
[Site "?"]
[Date "2017.03.19"]
[Round "7.4"]
[White "Voigt, Martin"]
[Black "Gottuk, Stefan"]
[Result "1-0"]
[WhiteElo "2340"]
[BlackElo "2194"]
[PlyCount "55"]
[EventDate "2017.??.??"]

1. e4 e6 2. d4 d5 3. Nc3 Nf6 4. e5 Nfd7 5. f4 c5 6. Nf3 Be7 7. Be3 b6 8. Qd2
O-O 9. h4 Re8 10. h5 Nc6 11. O-O-O c4 12. f5 b5 13. f6 gxf6 14. Bh6 b4 15. Rh3
Kh8 16. exf6 Bxf6 17. Nb5 Rg8 18. Qf4 Qe7 19. g4 Nd8 20. Re1 Nb6 21. Nd6 Nb7
22. g5 Nxd6 23. gxf6 Qd8 24. Ng5 Rxg5 25. Qxg5 Nf5 26. Rg3 Nd7 27. Bg7+ Kg8 28.
Bf8+ 1-0

[Event "OLNN 1617 FC St. Pauli - SC Diogenes"]
[Site "?"]
[Date "2017.03.19"]
[Round "7.5"]
[White "Laqua, Christian"]
[Black "Krause, Jonah"]
[Result "0-1"]
[WhiteElo "2121"]
[BlackElo "2331"]
[PlyCount "72"]
[EventDate "2017.??.??"]

1. c4 g6 2. g3 Bg7 3. Bg2 Nf6 4. Nc3 O-O 5. e4 c5 6. Nge2 d6 7. d3 Nc6 8. O-O
a6 9. h3 Rb8 10. a4 Ne8 11. Be3 Nc7 12. d4 cxd4 13. Nxd4 Ne6 14. Nde2 Na5 15.
b3 Bd7 16. Rb1 b5 17. cxb5 axb5 18. axb5 Bxb5 19. Nxb5 Rxb5 20. b4 Nc4 21. Qd3
Nxe3 22. Qxb5 Nxf1 23. Kxf1 Qc7 24. Qa6 Rb8 25. Rc1 Qd8 26. h4 Bb2 27. Rd1 Rxb4
28. Bh3 Nc5 29. Qa7 Nxe4 30. Nf4 Qb6 31. Qxb6 Rxb6 32. Nd5 Rb7 33. Bc8 Ra7 34.
Re1 Nc3 35. Nxe7+ Kf8 36. Nc6 Rc7 0-1

[Event "OLNN 1617 FC St. Pauli - SC Diogenes"]
[Site "?"]
[Date "2017.03.19"]
[Round "7.6"]
[White "Breyther, Ruediger"]
[Black "Neumann, Michael"]
[Result "1/2-1/2"]
[WhiteElo "2247"]
[BlackElo "2191"]
[PlyCount "40"]
[EventDate "2017.??.??"]

1. e4 c5 2. Nf3 e6 3. d4 cxd4 4. Nxd4 Nf6 5. Nc3 Nc6 6. Ndb5 Bb4 7. a3 Bxc3+ 8.
Nxc3 d5 9. exd5 exd5 10. Bd3 O-O 11. O-O d4 12. Ne2 Bg4 13. Bg5 Re8 14. Re1 Ne5
15. Qd2 Nxd3 16. Qxd3 Bxe2 17. Rxe2 Rxe2 18. Qxe2 h6 19. Bxf6 Qxf6 20. Rd1 Rc8
1/2-1/2

[Event "OLNN 1617 FC St. Pauli - SC Diogenes"]
[Site "?"]
[Date "2017.03.19"]
[Round "7.7"]
[White "Buchholz, Robert"]
[Black "Perez de Miguel, Alvaro"]
[Result "0-1"]
[WhiteElo "2001"]
[BlackElo "2260"]
[PlyCount "118"]
[EventDate "2017.??.??"]

1. d4 d5 2. c4 c6 3. Nf3 Nf6 4. Nc3 e6 5. cxd5 exd5 6. Bf4 Bf5 7. e3 h6 8. h3
Be7 9. Bd3 Bxd3 10. Qxd3 Nbd7 11. a3 Nf8 12. b4 Ne6 13. Bh2 a5 14. b5 c5 15.
O-O c4 16. Qc2 Ng5 17. Nxg5 hxg5 18. e4 dxe4 19. Nxe4 Qxd4 20. Nxf6+ Qxf6 21.
Qxc4 O-O 22. Qe4 Bc5 23. Qxb7 g4 24. Qc6 Bxf2+ 25. Kh1 Qh4 26. Qe4 f5 27. Qf4
Ba7 28. Rac1 Rae8 29. Qg3 Qxg3 30. Bxg3 Be3 31. Bd6 Bxc1 32. Bxf8 Be3 33. Bd6
Re6 34. Bc7 f4 35. Re1 gxh3 36. b6 hxg2+ 37. Kxg2 Rg6+ 38. Kf3 Bxb6 39. Bxf4
Rc6 40. a4 Kf7 41. Rb1 Bd4 42. Rb5 Bc3 43. Be5 Bb4 44. Rb7+ Ke6 45. Bxg7 Kd5
46. Ke3 Kc4 47. Be5 Re6 48. Rb5 Kb3 49. Kd3 Kxa4 50. Rd5 Kb3 51. Bc7 a4 52. Rb5
Ra6 53. Be5 a3 54. Rb8 Re6 55. Bd4 Rd6 56. Ke4 Rxd4+ 57. Kxd4 a2 58. Ra8 Ba3
59. Rb8+ Kc2 0-1

[Event "OLNN 1617 Hamburger SK - Agon Neumünste"]
[Site "?"]
[Date "2017.03.19"]
[Round "7.1"]
[White "Hagenstein, Frank"]
[Black "Bente, Bjoern"]
[Result "1/2-1/2"]
[WhiteElo "2266"]
[BlackElo "2277"]
[PlyCount "35"]
[EventDate "2017.??.??"]

1. d4 g6 2. Nf3 Bg7 3. c4 Nf6 4. g3 O-O 5. Bg2 d6 6. Nc3 Nc6 7. O-O Bf5 8. Ne1
Qd7 9. e4 Bg4 10. f3 Bh3 11. Nc2 a5 12. Be3 e5 13. Qd2 Bxg2 14. Kxg2 Nb4 15.
Nxb4 axb4 16. Ne2 Qa4 17. dxe5 dxe5 18. a3 1/2-1/2

[Event "OLNN 1617 Hamburger SK - Agon Neumünste"]
[Site "?"]
[Date "2017.03.19"]
[Round "7.2"]
[White "Lindinger, Markus"]
[Black "Parvanyan, Ashot"]
[Result "1/2-1/2"]
[WhiteElo "2271"]
[BlackElo "2356"]
[PlyCount "83"]
[EventDate "2017.??.??"]

1. d4 Nf6 2. c4 g6 3. Nc3 Bg7 4. e4 d6 5. h3 O-O 6. Bg5 c5 7. d5 e6 8. Bd3 exd5
9. cxd5 Nbd7 10. Nf3 Re8 11. O-O h6 12. Bh4 a6 13. a4 Qc7 14. Re1 Nh5 15. Qd2
g5 16. Bg3 c4 17. Bc2 Nxg3 18. fxg3 Ne5 19. Nh2 b6 20. g4 Bd7 21. Nf1 b5 22.
Nd1 Qc5+ 23. Kh1 b4 24. Rc1 Rab8 25. b3 Rbc8 26. Nde3 Qa5 27. Ng3 cxb3 28. Bxb3
Rc3 29. Rb1 Nd3 30. Rf1 Nc5 31. Bc2 b3 32. Bxb3 Nxe4 33. Nxe4 Rxe4 34. Qf2 Rf4
35. Qe2 Qb6 36. Nc4 Rxf1+ 37. Qxf1 Qc5 38. Ba2 Qc7 39. Nb6 Be8 40. Re1 Kf8 41.
Qe2 Qd8 42. Qxa6 1/2-1/2

[Event "OLNN 1617 Hamburger SK - Agon Neumünste"]
[Site "?"]
[Date "2017.03.19"]
[Round "7.3"]
[White "Wulf von Moers, Jens"]
[Black "Zieher, Hartmut"]
[Result "1/2-1/2"]
[WhiteElo "2195"]
[BlackElo "2231"]
[PlyCount "80"]
[EventDate "2017.??.??"]

1. e4 e5 2. Nf3 Nc6 3. d4 exd4 4. Bc4 Nf6 5. e5 d5 6. Bb5 Ne4 7. Nxd4 Bd7 8.
Bxc6 bxc6 9. O-O Bc5 10. f3 Ng5 11. f4 Ne4 12. Be3 Qe7 13. Nd2 Nxd2 14. Qxd2
O-O 15. Nb3 Bb6 16. Qc3 f6 17. Nc5 fxe5 18. fxe5 Rae8 19. Rae1 h6 20. b4 Rf5
21. Bd4 Bc8 22. a4 Qg5 23. a5 Bxc5 24. Bxc5 a6 25. Rxf5 Bxf5 26. Be3 Qg6 27.
Re2 Re6 28. Bd4 Qh5 29. Qe1 Be4 30. c3 Rg6 31. Rf2 Qg5 32. Qd2 Qg4 33. Qe2 Qg5
34. Qf1 h5 35. e6 Rxe6 36. Qxa6 Bxg2 37. Rxg2 Re1+ 38. Kf2 Qd2+ 39. Kf3 Qd1+
40. Kf2 Qd2+ 1/2-1/2

[Event "OLNN 1617 Hamburger SK - Agon Neumünste"]
[Site "?"]
[Date "2017.03.19"]
[Round "7.4"]
[White "Gaede, Derek"]
[Black "Menzel, Ralf"]
[Result "1-0"]
[WhiteElo "2282"]
[BlackElo "2208"]
[PlyCount "79"]
[EventDate "2017.??.??"]

1. d4 b6 2. Nf3 Bb7 3. c4 e6 4. g3 Bb4+ 5. Bd2 Bxf3 6. exf3 Bxd2+ 7. Nxd2 Nf6
8. Bg2 O-O 9. O-O d5 10. f4 Nc6 11. Nf3 Ne4 12. Ne5 Nxe5 13. fxe5 f6 14. cxd5
exd5 15. f3 Ng5 16. f4 Ne4 17. Rc1 f5 18. Qc2 c5 19. dxc5 Rc8 20. c6 b5 21. c7
Qd7 22. Rfd1 Rf7 23. Bxe4 fxe4 24. Qb3 Rxc7 25. Rxc7 Qxc7 26. Rxd5 a6 27. Qe3
Qc4 28. Qc5 Qxc5+ 29. Rxc5 Rb7 30. Kf2 Kf7 31. f5 g6 32. g4 h5 33. h3 hxg4 34.
hxg4 gxf5 35. gxf5 Ke8 36. Ke3 Rh7 37. e6 Rh1 38. f6 Kd8 39. e7+ Kd7 40. Rd5+
1-0

[Event "OLNN 1617 Hamburger SK - Agon Neumünste"]
[Site "?"]
[Date "2017.03.19"]
[Round "7.5"]
[White "Neumann, Joachim"]
[Black "Groetzbach, Julian"]
[Result "0-1"]
[WhiteElo "2069"]
[BlackElo "2232"]
[PlyCount "62"]
[EventDate "2017.??.??"]

1. c4 c6 2. Nf3 d5 3. g3 Bf5 4. Bg2 e6 5. O-O h6 6. b3 Nf6 7. Bb2 Be7 8. d3 O-O
9. Nbd2 Bh7 10. a3 a5 11. Bc3 c5 12. cxd5 exd5 13. d4 b6 14. Qc1 Nc6 15. Ra2
Rc8 16. Qa1 Ne4 17. Nxe4 dxe4 18. Ne5 Nxd4 19. b4 axb4 20. axb4 Qd5 21. Ng4 Ra8
22. Rxa8 Rxa8 23. Qd1 Qc4 24. Bxd4 cxd4 25. b5 Bc5 26. Qb1 Qe6 27. h3 h5 28.
Nh2 Ra2 29. Qd1 Qc4 30. e3 Bg6 31. exd4 Qxd4 0-1

[Event "OLNN 1617 Hamburger SK - Agon Neumünste"]
[Site "?"]
[Date "2017.03.19"]
[Round "7.6"]
[White "Schumacher, Norbert"]
[Black "Maass, Joerg"]
[Result "1-0"]
[WhiteElo "2165"]
[BlackElo "2150"]
[PlyCount "61"]
[EventDate "2017.??.??"]

1. d4 c5 2. d5 Nf6 3. Nf3 g6 4. Nc3 Bg7 5. e4 d6 6. Be2 O-O 7. O-O Na6 8. Bg5
Nc7 9. a4 Nd7 10. Qd2 Re8 11. h3 b6 12. Rae1 a6 13. Nh2 b5 14. axb5 axb5 15.
Nxb5 Nxb5 16. Bxb5 Ra2 17. b3 h5 18. Kh1 Kh7 19. f4 Qb6 20. Bc6 f6 21. f5 fxg5
22. Qxg5 Rf8 23. fxg6+ Kg8 24. Bxd7 Bxd7 25. Qxe7 Qd8 26. Rxf8+ Qxf8 27. Qxd7
Rxc2 28. Rf1 Rf2 29. Rxf2 Qxf2 30. Qe8+ Bf8 31. Nf3 1-0

[Event "OLNN 1617 Hamburger SK - Agon Neumünste"]
[Site "?"]
[Date "2017.03.19"]
[Round "7.7"]
[White "Neumann, Frank"]
[Black "Jantzen, Hans-Joerg"]
[Result "0-1"]
[WhiteElo "2057"]
[BlackElo "2165"]
[PlyCount "89"]
[EventDate "2017.??.??"]

1. d4 Nf6 2. Nf3 b6 3. c4 Bb7 4. Nc3 e6 5. Qc2 Bb4 6. Bd2 O-O 7. g3 d6 8. Bg2
Nbd7 9. O-O Bxc3 10. Bxc3 Be4 11. Qc1 Qc8 12. b3 Qb7 13. Qe3 Rfe8 14. Rad1 d5
15. cxd5 exd5 16. Qc1 c6 17. b4 b5 18. Bh3 Nb6 19. Ne5 Nc4 20. Nxc4 bxc4 21.
Rfe1 Re7 22. Bd2 Rae8 23. a3 Bg6 24. Bf1 Ne4 25. Bf4 Qd7 26. f3 Nd6 27. g4 h5
28. h3 f6 29. Qd2 Nf7 30. Rc1 a6 31. Rc3 Nd8 32. Re3 Ne6 33. Bg3 Qa7 34. Bf2
Qc7 35. Rc3 Kf7 36. e4 hxg4 37. exd5 gxh3 38. f4 h2+ 39. Kxh2 Bf5 40. Bxc4 Rh8+
41. Kg2 Rh3 42. Rxh3 Bxh3+ 43. Kxh3 Qc8 44. Kg2 Qh8 45. Bh4 0-1

[Event "OLNN 1617 Hamburger SK - Agon Neumünste"]
[Site "?"]
[Date "2017.03.19"]
[Round "7.8"]
[White "Elbracht, Michael"]
[Black "Parvanyan, Alfred"]
[Result "0-1"]
[WhiteElo "2028"]
[BlackElo "2053"]
[PlyCount "66"]
[EventDate "2017.??.??"]

1. e4 e6 2. d4 d5 3. Nc3 Bb4 4. e5 Ne7 5. a3 Bxc3+ 6. bxc3 c5 7. Bd3 h6 8. Qg4
c4 9. Be2 Nf5 10. Nf3 Bd7 11. O-O Ba4 12. Ra2 Nc6 13. Qh3 Kd7 14. g4 Nfe7 15.
Nh4 Qg8 16. Ng2 Qh7 17. Ne3 f6 18. f4 fxe5 19. fxe5 Raf8 20. Qg2 Rxf1+ 21. Kxf1
g5 22. Rb2 b5 23. Ke1 Rf8 24. Bd2 Qf7 25. Qf1 Qg8 26. Qg2 Ng6 27. Kd1 Nf4 28.
Qh1 Qg6 29. Ke1 a6 30. Bf3 Ne7 31. h3 Qf7 32. Bg2 Nd3+ 33. Kd1 Nf2+ 0-1

[Event "OLNN 1617 Lübecker SV - Schachfreunde H"]
[Site "?"]
[Date "2017.03.19"]
[Round "7.1"]
[White "Sawatzki, Frank"]
[Black "Kreuzholz, Michael"]
[Result "1-0"]
[WhiteElo "2344"]
[BlackElo "2354"]
[PlyCount "135"]
[EventDate "2017.??.??"]

1. e4 c5 2. Nf3 Nc6 3. Bb5 g6 4. O-O Bg7 5. Re1 Nf6 6. e5 Nd5 7. Nc3 Nc7 8.
Bxc6 dxc6 9. Ne4 b6 10. d3 O-O 11. h3 Be6 12. b3 Bd5 13. Bb2 f5 14. exf6 exf6
15. c4 Bf7 16. d4 f5 17. Neg5 cxd4 18. Bxd4 Bxd4 19. Qxd4 Qxd4 20. Nxd4 c5 21.
Re7 cxd4 22. Rxc7 h6 23. Nf3 Rfd8 24. Rd1 a5 25. Ne5 Be8 26. a4 Rd6 27. Nd3 Bd7
28. Ne5 Be8 29. f4 g5 30. Nd3 Bc6 31. Ne5 Be4 32. fxg5 hxg5 33. Nf7 Rdd8 34.
Rd2 Rdc8 35. Rxc8+ Rxc8 36. Nxg5 d3 37. Kf2 Re8 38. Nf3 Kf7 39. Ne1 Rg8 40. g3
Rh8 41. Nxd3 Rxh3 42. Nf4 Rh6 43. Ke3 Ke7 44. g4 Rh1 45. gxf5 Bxf5 46. Nd5+ Ke6
47. Kd4 Kd6 48. Nxb6 Rh3 49. c5+ Kc6 50. Nc4 Rh4+ 51. Ke5 Bh7 52. Nxa5+ Kxc5
53. Rd5+ Kb4 54. Rb5+ Kc3 55. Nc6 Bg8 56. b4 Kb3 57. Ra5 Kc4 58. Rc5+ Kb3 59.
a5 Rh5+ 60. Kd6 Rh6+ 61. Kc7 Bc4 62. Kb6 Bf1 63. b5 Ka4 64. a6 Rh8 65. a7 Bg2
66. Rg5 Bf3 67. Rg3 Bd5 68. Rg1 1-0

[Event "OLNN 1617 Lübecker SV - Schachfreunde H"]
[Site "?"]
[Date "2017.03.19"]
[Round "7.2"]
[White "Kololli, Martin"]
[Black "Bokelbrink, Uwe"]
[Result "1/2-1/2"]
[WhiteElo "2237"]
[BlackElo "2312"]
[PlyCount "59"]
[EventDate "2017.??.??"]

1. e4 c5 2. c3 e5 3. Nf3 Nc6 4. d4 exd4 5. cxd4 cxd4 6. Nxd4 Nf6 7. Nxc6 dxc6
8. Qxd8+ Kxd8 9. Nc3 Bb4 10. f3 Ke7 11. Bd2 Be6 12. e5 Nd7 13. Nd5+ Bxd5 14.
Bxb4+ Ke6 15. f4 f6 16. exf6 Nxf6 17. Be2 Kf7 18. O-O Rhe8 19. Rfe1 Re4 20. Bd2
Rd8 21. Bf1 Rde8 22. g3 Rxe1 23. Bxe1 Ng4 24. Bc3 Ne3 25. Bd3 g6 26. b3 Nf5 27.
Re1 Rxe1+ 28. Bxe1 Nd4 29. Kf2 Nf3 30. h4 1/2-1/2

[Event "OLNN 1617 Lübecker SV - Schachfreunde H"]
[Site "?"]
[Date "2017.03.19"]
[Round "7.3"]
[White "Ritscher, Jan-Paul"]
[Black "Riess, Alexander"]
[Result "1/2-1/2"]
[WhiteElo "2242"]
[BlackElo "2173"]
[PlyCount "82"]
[EventDate "2017.??.??"]

1. d4 Nf6 2. g3 g6 3. Bg2 d5 4. c4 Bg7 5. cxd5 Nxd5 6. Nc3 Nxc3 7. bxc3 c5 8.
e3 Qa5 9. Bd2 O-O 10. Ne2 Nc6 11. O-O Rd8 12. Nc1 Qc7 13. Nb3 b6 14. Qe2 a5 15.
Rfd1 a4 16. Nc1 Ba6 17. Qe1 Rac8 18. Ne2 Na5 19. Nf4 Bb7 20. Bxb7 Qxb7 21. Qf1
e5 22. dxe5 Bxe5 23. Be1 Qf3 24. Qe2 Qxe2 25. Nxe2 f5 26. f3 Nc4 27. Kf2 Kf7
28. Rab1 Ke6 29. Rxd8 Rxd8 30. Nc1 Bc7 31. Ke2 Kd5 32. Nd3 Re8 33. Bf2 g5 34.
Rd1 Kc6 35. Re1 b5 36. Kd1 Rd8 37. Ke2 Re8 38. f4 g4 39. Nc1 Nd6 40. Nd3 Ne4
41. Nc1 Bd8 1/2-1/2

[Event "OLNN 1617 Lübecker SV - Schachfreunde H"]
[Site "?"]
[Date "2017.03.19"]
[Round "7.4"]
[White "Schmidt, Harald"]
[Black "Hermesmann, Hans"]
[Result "1-0"]
[WhiteElo "2354"]
[BlackElo "2278"]
[PlyCount "89"]
[EventDate "2017.??.??"]

1. c4 Nf6 2. Nc3 g6 3. e4 d6 4. f4 e5 5. Nf3 Nc6 6. d3 Bg7 7. Be2 Bg4 8. O-O
Bxf3 9. Bxf3 Nd4 10. Be3 c6 11. Rb1 a5 12. Ne2 Nxf3+ 13. gxf3 exf4 14. Nxf4 O-O
15. Ne2 Nd7 16. Ng3 d5 17. f4 dxc4 18. dxc4 Qe7 19. Qc2 Nc5 20. Rbe1 Rad8 21.
b3 Rd3 22. e5 Rfd8 23. Qf2 b6 24. Kh1 Bh6 25. Qg2 Qc7 26. Qh3 Bg7 27. Rg1 Re8
28. Qf1 Qd7 29. Qf2 Qe7 30. Qg2 Qd7 31. Nh5 f5 32. Ng3 Kh8 33. h4 Qe7 34. Qh3
Qf7 35. h5 Kg8 36. Nxf5 Re6 37. Nd4 Re8 38. hxg6 hxg6 39. Rg3 Ne4 40. Rg2 c5
41. Nf3 Rxe3 42. Rxe3 Qxf4 43. Qd7 Rxe5 44. Nxe5 Bxe5 45. Qe8+ 1-0